000 00561nam a2200217Ia 4500
003 OSt
005 20221005131545.0
006 a|||||r|||| 00| 0
007 ta
008 221004b |||||||| |||| 00| 0 tam d
024 _a51952
037 _cTextual
040 _aCRL
_cCRL
_btam
041 _2tam
_atam
082 _aR65,6:g, 31H6
100 _aKuppusamymudhaliar
_9639772
245 0 _aSri bhagavad gita vaihanam
650 _aBHAGAVAD GITA
942 _hR65,6:g, 31H6
_cTEXL
_2cc
999 _c1060717
_d1060717